Statistics for Smallest Countries with Short Names by Area

Click here to take the quiz!

General Stats

  • This quiz has been taken 23 times
  • The average score is 14 of 20

Answer Stats

LettersCountry% Correct
6Monaco
91%
5Nauru
91%
5Palau
91%
5Tonga
91%
4Fiji
86%
5Samoa
82%
6Kosovo
73%
5Malta
73%
6Tuvalu
73%
6Belize
64%
6Bhutan
64%
6Brunei
64%
5Qatar
64%
6Taiwan
59%
5Haiti
55%
6Israel
55%
6Rwanda
55%
6Cyprus
50%
6Gambia
50%
6Kuwait
45%

Score Distribution

Percentile by Number Answered

Percent of People with Each Score

Your Score History

You have not taken this quiz